Представление документа в формате RUSMARC

ПолеНазваниеЗначение
  Тип записи a
  Библиографический уровень m
001 Контрольный номер RU/SLIB/B/213364402
005 Дата корректировки 20201206204428.0
010 Индекс ISBN __
a ISBN 5-7934-0100-8
d Цена 70-00
101 Язык документа __
a Язык текста rus
c Язык оригинала rus
200 Заглавие и сведения об ответственности 1_
a Заглавие Республика Коми: города и районы
e Сведения, относящиеся к заглавию библиогр. указ.
f Первые сведения об ответственности [сост. С. И. Клещенко, ред. сост. Н. А. Нестерова, отв. за вып. Е. А. Иевлева]
b Общее обозначение материала Текст
210 Выходные данные __
a Место издания Сыктывкар
c Издательство [б. и.]
d Дата издания 2005
215 Физическое описание __
a Объем 319 c.
330 Аннотация __
a Аннотация В основу группировки материала положено административно-территориальное деление республики.
606 Тематические рубрики __
a Основная рубрика Литература универсального содержания
606 Тематические рубрики __
a Основная рубрика Библиографические пособия
606 Тематические рубрики __
a Основная рубрика География
y Географическая подрубрика Республика Коми; Коми; РФ; Россия
606 Тематические рубрики __
a Основная рубрика Страноведение
610 Ключевые слова __
a Ключевые слова города; районы; административно-территориальное деление; экономика; культура; религии; искусство; здравоохранение; природа; общественно-политическая жизнь
686 Индексы других классификаций __
a Классификационный индекс 91.9:2
686 Индексы других классификаций __
a Классификационный индекс 26.89(2Рос.Ком)я1
702 Вторичная интеллектуальная ответственность _1
a Фамилия Клещенко
b Имя С. И.
4 Код отношения Составитель
4 Код отношения 220
702 Вторичная интеллектуальная ответственность _1
a Фамилия Нестерова
b Имя Н. А.
4 Код отношения Редактор
4 Код отношения 340
702 Вторичная интеллектуальная ответственность _1
a Фамилия Иевлева
b Имя Е. А.
4 Код отношения Составитель
4 Код отношения 220
801 Источник записи _0
a Страна RU
b Организация Муниципальное бюджетное учреждение культуры "Централизованная библиотечная система" г. Сургут (Центральная городская библиотека им. А. С. Пушкина)
g Правила каталогизации КиК/Елгина
801 Источник записи _1
a Страна RU
b Организация Муниципальное бюджетное учреждение культуры "Централизованная библиотечная система" г. Сургут (Центральная городская библиотека им. А. С. Пушкина)
g Правила каталогизации КиК/Елгина
852 Данные о местонахождении __
j Шифр хранения 91.9:2
i Авторский знак Р 43
901 Тип документа __
t Тип документа m
903 Характеристики (МАРС) __
a Дата передачи 20061016
969 Тип издания __
a Тип издания библиографический указатель
990 Данные о заказе (DOS) __
j Количество экземпляров (DOS) 1
h N записи в КСУ для Б/У (DOS) 200611